000 00875nam a22002897a 4500
003 CHAP
005 20220329140606.0
008 971013s1977 r 10010 d
010 _a54405
011 _a55377
035 _a59529
040 _cCHAP
082 _a526.8
_bS4 1976
111 0 0 _aSeminario Nacional de Mapotecas (
_d1976
_c: México, D.F.)
_9104211
245 _aMemorias
260 _améxico, D.F. :
_b(El seminario),
_c1977
300 _a297 p.
590 _aBATCH-UPD
_b10
_c20130110
_lUCH01
_h0518
590 _aBATCH-UPD
_b10
_c20130410
_lUCH01
_h0157
590 _aBATCH-UPD
_b10
_c20130914
_lUCH01
_h0853
590 _aCONVERSION
_b10
_c20130109
_lUCH01
_h1329
650 1 4 _aCartografía.
_919644
650 1 4 _aMapas
_xClasificación.
_971129
901 _aBK
942 _cLIBRO
949 _a526.8 S4 1976
_bBC
_cLIBRO
_d33724000418943
_eLIBRO
_h41771
_i59529
_si
999 _c54405
_d54405